Foreign-Born Population: Poland Quiz Stats

 Plays Quiz Updated Apr 26, 2017

Support Sporcle.
Go Orange.
Score 0/20 Timer 05:00
4 Plays Today
Foreign-Born Population Country % Correct
76,313Germany
97.4%
38,146Russia
96.9%
34,545United Kingdom
93.5%
26,120France
88.7%
206,518Ukraine
86.7%
13,671United States
85.1%
9,935Italy
84.8%
4,820Spain
84.8%
4,513Czechia
81.2%
50,444Lithuania
79.7%
Foreign-Born Population Country % Correct
75,926Belarus
78%
3,790Austria
76.6%
2,951Canada
67%
3,099Greece
66.3%
2,590Netherlands
64.8%
7,592Ireland
64.4%
5,219Belgium
61.8%
3,477Bosnia and Herzegovina
29.2%
2,792Vietnam
27.6%
4,604Kazakhstan
26.2%

You're not logged in!

Compare scores with friends on all Sporcle quizzes.
OR
Log In
Forgot?

From the Vault

US Presidents in Threes Blitz

by MSUKent

Three seems like an odd number of Presidents.
Remove Ads.
Support Sporcle.
Get the best of Sporcle when you Go Orange. This ad-free experience offers more features, more stats, and more fun while also helping to support Sporcle. Thank you for becoming a member.

Show Comments

Extras

Top Quizzes Today


Score Distribution

Your Account Isn't Verified!

In order to create a playlist on Sporcle, you need to verify the email address you used during registration. Go to your Sporcle Settings to finish the process.

Report this User

Report this user for behavior that violates our Community Guidelines.

Details: